[Event "SLO-chT 30th"]
[Site "Gostovanja"]
[Date "2020.10.11"]
[Round "5.1"]
[White "Titan, Matej"]
[Black "Osmanbegovic, Suad"]
[Result "1-0"]
[WhiteElo "2204"]
[BlackElo "2307"]
[PlyCount "43"]
[EventDate "2020.10.02"]
[EventType "team-tourn"]
[EventRounds "5"]
[EventCountry "SLO"]
[SourceTitle "CBM 198 Extra"]
[Source "ChessBase"]
[SourceDate "2020.11.30"]
[SourceVersion "1"]
[SourceVersionDate "2020.11.30"]
[SourceQuality "1"]
[WhiteTeam "Pomgrad"]
[BlackTeam "Maribor Branik"]
[WhiteTeamCountry "SLO"]
[BlackTeamCountry "SLO"]

1. Nf3 f5 2. d3 Nf6 3. e4 d6 4. Nc3 e5 5. exf5 Bxf5 6. d4 e4 7. Nh4 Bc8 8. Bg5 Be7 9. Be2 0-0 10. 0-0 d5 11. f3 h6 12. Bc1 Bb4 13. Ng6 Re8 14. fxe4 Bxc3 15. bxc3 Nxe4 16. Bd3 Qd6 17. Qh5 Nf6 18. Rxf6 Qxf6 19. Bd2 Qf7 20. Rf1 Qd7 21. Ne5 Rxe5 22. dxe5 1-0

[Event "SLO-chT 29th"]
[Site "Slovenia"]
[Date "2019.12.20"]
[Round "7.2"]
[White "Titan, Matej"]
[Black "Vombek, Danijel"]
[Result "1/2-1/2"]
[WhiteElo "2226"]
[BlackElo "2283"]
[PlyCount "77"]
[EventDate "2019.09.06"]
[EventType "team-tourn"]
[EventRounds "9"]
[EventCountry "SLO"]
[SourceTitle "CBM 195 Extra"]
[Source "ChessBase"]
[SourceDate "2020.05.31"]
[SourceVersion "1"]
[SourceVersionDate "2020.05.31"]
[SourceQuality "1"]
[WhiteTeam "Murska Sobota Radenska"]
[BlackTeam "Branik"]
[WhiteTeamCountry "SLO"]
[BlackTeamCountry "SLO"]

1. d4 Nf6 2. c4 g6 3. Nc3 Bg7 4. e4 0-0 5. Nf3 d6 6. Be2 e5 7. Be3 exd4 8. Nxd4 Re8 9. f3 c6 10. Bf2 Nbd7 11. 0-0 a6 12. Qd2 Ne5 13. Rfd1 Qe7 14. Na4 Bf8 15. Nb6 Rb8 16. Rac1 Be6 17. Nxe6 Qxe6 18. Bf1 Rbd8 19. b4 Nh5 20. c5 dxc5 21. Qxd8 Rxd8 22. Rxd8 Kg7 23. bxc5 Be7 24. Rdd1 Nf4 25. Nc4 Nd7 26. Nd6 b5 27. Bg3 Bg5 28. Rc2 Ne5 29. Bf2 h5 30. Nb7 Qc8 31. Nd6 Qe6 32. Nb7 Qc8 33. Bd4 Bf6 34. Nd6 Qe6 35. Bf2 h4 36. h3 Be7 37. Be3 Bg5 38. Bf2 Bf6 39. Be3 1/2-1/2

[Event "SLO-ch 29th"]
[Site "Radenci"]
[Date "2019.05.02"]
[Round "7"]
[White "Titan, Matej"]
[Black "Drevensek, Doroteja"]
[Result "1-0"]
[WhiteElo "2247"]
[BlackElo "1360"]
[PlyCount "101"]
[EventDate "2019.04.27"]
[EventType "swiss"]
[EventRounds "9"]
[EventCountry "SLO"]
[SourceTitle "CBM 190 Extra"]
[Source "ChessBase"]
[SourceDate "2019.07.15"]
[SourceVersion "1"]
[SourceVersionDate "2019.07.15"]
[SourceQuality "1"]

1. c4 e5 2. g3 Nc6 3. Bg2 f5 4. Nc3 Bb4 5. Nd5 Bc5 6. e3 Nf6 7. Ne2 e4 8. d3 0-0 9. 0-0 Re8 10. a3 a5 11. Nxf6+ Qxf6 12. dxe4 Qf7 13. exf5 Qxf5 14. Qd5+ Qxd5 15. cxd5 Ne5 16. Bd2 Bd6 17. Bc3 b6 18. Nd4 Ba6 19. Rfd1 Rf8 20. h3 Rae8 21. b4 a4 22. b5 Bb7 23. Bb4 Bc5 24. Bxc5 bxc5 25. Ne2 d6 26. Nf4 Bc8 27. Ne6 Rf7 28. Rac1 Bxe6 29. dxe6 Nf3+ 30. Bxf3 Rxf3 31. b6 Rxe6 32. bxc7 Rf8 33. Rb1 Re7 34. Rxd6 Rxc7 35. Rc1 Ra8 36. Rc4 Rcc8 37. Rd7 Ra5 38. Kg2 Rb8 39. Rc3 Rb3 40. Rdd3 c4 41. Rd8+ Kf7 42. Rxc4 h6 43. Rc7+ Kf6 44. Rd6+ Ke5 45. Rg6 Rxa3 46. Rcxg7 Ra1 47. Rxh6 Ke4 48. Rd7 Rg1+ 49. Kxg1 Kf3 50. Rd2 a3 51. Ra2 1-0

[Event "SLO-ch 29th"]
[Site "Radenci"]
[Date "2019.04.29"]
[Round "4"]
[White "Brinovec, Dusan"]
[Black "Titan, Matej"]
[Result "1-0"]
[WhiteElo "2237"]
[BlackElo "2247"]
[PlyCount "81"]
[EventDate "2019.04.27"]
[EventType "swiss"]
[EventRounds "9"]
[EventCountry "SLO"]
[SourceTitle "CBM 190 Extra"]
[Source "ChessBase"]
[SourceDate "2019.07.15"]
[SourceVersion "1"]
[SourceVersionDate "2019.07.15"]
[SourceQuality "1"]

1. d4 Nf6 2. Nf3 g6 3. e3 Bg7 4. Be2 0-0 5. 0-0 d5 6. b3 c5 7. Bb2 Ne4 8. c4 Nc6 9. Nbd2 Bf5 10. Qc1 cxd4 11. Nxe4 dxe4 12. Nxd4 Nxd4 13. Bxd4 Bxd4 14. exd4 Qxd4 15. Rd1 Qc5 16. Rd5 Qb6 17. Qc3 Rfd8 18. Rad1 Rxd5 19. Rxd5 Rd8 20. c5 Qc7 21. Rxd8+ Qxd8 22. b4 Qd5 23. Qb2 e5 24. a3 Be6 25. Qc1 Kg7 26. h4 h6 27. b5 Bd7 28. a4 f5 29. g3 Be8 30. Bf1 Qd7 31. a5 Qc7 32. Qa3 Qe7 33. Qe3 Qd7 34. c6 bxc6 35. b6 axb6 36. Qxb6 Bf7 37. a6 c5 38. Qb7 Qd5 39. Qc7 Kf6 40. a7 Qa2 41. Qd8+ 1-0

[Event "SLO-ch 29th"]
[Site "Radenci"]
[Date "2019.04.28"]
[Round "3"]
[White "Titan, Matej"]
[Black "Suta, Andraz"]
[Result "1-0"]
[WhiteElo "2247"]
[BlackElo "2205"]
[PlyCount "121"]
[EventDate "2019.04.27"]
[EventType "swiss"]
[EventRounds "9"]
[EventCountry "SLO"]
[SourceTitle "CBM 190 Extra"]
[Source "ChessBase"]
[SourceDate "2019.07.15"]
[SourceVersion "1"]
[SourceVersionDate "2019.07.15"]
[SourceQuality "1"]

1. d4 Nf6 2. c4 e6 3. Nf3 d5 4. Nc3 Be7 5. Bg5 h6 6. Bh4 0-0 7. e3 b6 8. Bd3 Bb7 9. 0-0 c5 10. Qe2 Nc6 11. cxd5 exd5 12. dxc5 bxc5 13. Ba6 Qb6 14. Bxb7 Qxb7 15. Bxf6 Bxf6 16. Nxd5 Qxb2 17. Nxf6+ Qxf6 18. Rac1 Rfc8 19. Rxc5 Nb4 20. Rxc8+ Rxc8 21. Nd4 Qg6 22. h3 Rc5 23. Qb2 Nc6 24. Nxc6 Rxc6 25. Rd1 Qf6 26. Qxf6 Rxf6 27. Rd4 Ra6 28. a4 Rb6 29. Rd8+ Kh7 30. Rd7 Ra6 31. Rxf7 Rxa4 32. g3 Kg6 33. Rc7 Ra2 34. Kg2 a5 35. g4 a4 36. Ra7 a3 37. Ra6+ Kf7 38. h4 Ra1 39. Kf3 g6 40. g5 hxg5 41. hxg5 a2 42. Kf4 Kg7 43. Ra7+ Kg8 44. Ke5 Rg1 45. Rxa2 Rxg5+ 46. Kf6 Rg2 47. Ra8+ Kh7 48. f4 Re2 49. Re8 Re1 50. Kf7 Re2 51. e4 Rf2 52. f5 gxf5 53. e5 Re2 54. e6 f4 55. Ra8 Kh6 56. Ra5 Rg2 57. e7 Rg7+ 58. Kf8 Rxe7 59. Kxe7 Kg6 60. Ke6 f3 61. Rf5 1-0

[Event "SLO-chT 28th"]
[Site "Slovenia"]
[Date "2018.12.16"]
[Round "9.5"]
[White "Zupe, Miran"]
[Black "Titan, Matej"]
[Result "1/2-1/2"]
[WhiteElo "2259"]
[BlackElo "2221"]
[PlyCount "42"]
[EventDate "2018.11.02"]
[EventType "team-tourn"]
[EventRounds "9"]
[EventCountry "SLO"]
[SourceTitle "CBM 187 Extra"]
[Source "ChessBase"]
[SourceDate "2018.11.04"]
[SourceVersion "1"]
[SourceVersionDate "2018.11.04"]
[SourceQuality "1"]
[WhiteTeam "Maribor Branik"]
[BlackTeam "Pomgrad Radenska"]
[WhiteTeamCountry "SLO"]
[BlackTeamCountry "SLO"]

1. c4 e5 2. g3 Nf6 3. Bg2 d5 4. cxd5 Nxd5 5. Nc3 Nb6 6. Nf3 Nc6 7. d3 Be7 8. Be3 0-0 9. 0-0 Re8 10. Rc1 Bf8 11. Ne4 Nd4 12. Nc5 Bxc5 13. Rxc5 Qd6 14. Rc1 Bg4 15. Bxd4 exd4 16. Re1 c6 17. Qc2 Nd7 18. Kf1 Nb6 19. Kg1 Nd7 20. Kf1 Nb6 21. Kg1 Nd7 1/2-1/2

[Event "SLO-chT 28th"]
[Site "Slovenia"]
[Date "2018.11.10"]
[Round "5.3"]
[White "Kos, Toni"]
[Black "Titan, Matej"]
[Result "1/2-1/2"]
[WhiteElo "2304"]
[BlackElo "2221"]
[PlyCount "52"]
[EventDate "2018.11.02"]
[EventType "team-tourn"]
[EventRounds "9"]
[EventCountry "SLO"]
[SourceTitle "CBM 187 Extra"]
[Source "ChessBase"]
[SourceDate "2018.11.04"]
[SourceVersion "1"]
[SourceVersionDate "2018.11.04"]
[SourceQuality "1"]
[WhiteTeam "Krsko Triglav"]
[BlackTeam "Pomgrad Radenska"]
[WhiteTeamCountry "SLO"]
[BlackTeamCountry "SLO"]

1. Nc3 e5 2. Nf3 Nc6 3. e3 Nf6 4. Bb5 e4 5. Nd4 Nxd4 6. exd4 c6 7. Be2 Qb6 8. d3 Qxd4 9. dxe4 Qxd1+ 10. Bxd1 Bb4 11. 0-0 d6 12. Bf3 Bg4 13. Bd2 Bxf3 14. gxf3 0-0-0 15. a3 Bxc3 16. Bxc3 d5 17. Bxf6 gxf6 18. Rfe1 Rhg8+ 19. Kf1 Rg5 20. exd5 Rgxd5 21. Re7 R8d7 22. Rae1 Rd2 23. R1e2 Rd1+ 24. Re1 R1d2 25. R1e2 Rd1+ 26. Re1 R1d2 1/2-1/2

[Event "SLO-chT 28th"]
[Site "Slovenia"]
[Date "2018.11.04"]
[Round "3.2"]
[White "Titan, Matej"]
[Black "Trussevich, Sergey"]
[Result "1/2-1/2"]
[WhiteElo "2221"]
[BlackElo "2282"]
[PlyCount "128"]
[EventDate "2018.11.02"]
[EventType "team-tourn"]
[EventRounds "9"]
[EventCountry "SLO"]
[SourceTitle "CBM 187 Extra"]
[Source "ChessBase"]
[SourceDate "2018.11.04"]
[SourceVersion "1"]
[SourceVersionDate "2018.11.04"]
[SourceQuality "1"]
[WhiteTeam "Pomgrad Radenska"]
[BlackTeam "Ljubljana"]
[WhiteTeamCountry "SLO"]
[BlackTeamCountry "SLO"]

1. d4 Nf6 2. c4 e6 3. g3 c5 4. Nf3 cxd4 5. Nxd4 a6 6. Bg2 Qc7 7. b3 Be7 8. 0-0 0-0 9. Bb2 d6 10. Nc3 Nc6 11. Rc1 Nxd4 12. Qxd4 Rb8 13. Rfd1 b6 14. e4 Bb7 15. Na4 Bc6 16. Nc3 Qb7 17. a4 Rfd8 18. Qe3 Ne8 19. Nd5 exd5 20. exd5 Bxa4 21. bxa4 Bf6 22. Ba3 a5 23. Rb1 Qc7 24. Qb3 Qd7 25. Bc1 Rdc8 26. Be3 Qg4 27. Rdc1 h5 28. Qd3 Bd8 29. Qf1 Qd7 30. Bh3 f5 31. Rb5 g6 32. Qd3 Rb7 33. Bf1 Rcb8 34. Rcb1 Nc7 35. Rxb6 Rxb6 36. Rxb6 Rxb6 37. Bxb6 Na6 38. c5 Nxc5 39. Bxc5 dxc5 40. d6 Qe6 41. Qa6 Kf8 42. Qc6 h4 43. Qxc5 hxg3 44. hxg3 Kg7 45. Qd4+ Qf6 46. Qd5 Kh6 47. d7 Kg7 48. Bc4 Qf8 49. Qe5+ Qf6 50. Qe8 Qf8 51. Qe6 Bf6 52. Kg2 Qa8+ 53. Bd5 Qf8 54. f4 Bd8 55. Qe8 Bf6 56. Qe6 Bd8 57. g4 fxg4 58. Kg3 Bc7 59. Qxg4 Qa3+ 60. Bf3 Qxa4 61. Kh3 Qa3 62. f5 Qd6 63. Qxg6+ Qxg6 64. fxg6 Kxg6 1/2-1/2

[Event "SLO-chT 28th"]
[Site "Slovenia"]
[Date "2018.11.02"]
[Round "1.1"]
[White "Kovacic, Peter"]
[Black "Titan, Matej"]
[Result "1/2-1/2"]
[WhiteElo "2174"]
[BlackElo "2221"]
[PlyCount "62"]
[EventDate "2018.11.02"]
[EventType "team-tourn"]
[EventRounds "9"]
[EventCountry "SLO"]
[SourceTitle "CBM 187 Extra"]
[Source "ChessBase"]
[SourceDate "2018.11.04"]
[SourceVersion "1"]
[SourceVersionDate "2018.11.04"]
[SourceQuality "1"]
[WhiteTeam "Tomo Zupan Kranj"]
[BlackTeam "Pomgrad Radenska"]
[WhiteTeamCountry "SLO"]
[BlackTeamCountry "SLO"]

1. Nf3 d5 2. e3 Nf6 3. b3 c6 4. Bb2 Bf5 5. d4 e6 6. Bd3 Bxd3 7. Qxd3 Nbd7 8. Nbd2 Be7 9. 0-0 0-0 10. e4 dxe4 11. Nxe4 Nxe4 12. Qxe4 Nf6 13. Qe2 a5 14. a4 Qd5 15. Rfe1 Bb4 16. c3 Bd6 17. Qc2 Qf5 18. Qxf5 exf5 19. Ba3 Bxa3 20. Rxa3 Ne4 21. Re3 Rfe8 22. Ra1 f6 23. Rae1 Kf7 24. g3 g6 25. Kg2 Rad8 26. Rd1 Re6 27. c4 Red6 28. Red3 Nc5 29. Re3 Ne6 30. Rde1 Re8 31. Rd1 Red8 1/2-1/2

[Event "SLO-chT 27th"]
[Site "Slovenia"]
[Date "2017.12.10"]
[Round "9.4"]
[White "Zupancic, Jernej"]
[Black "Titan, Matej"]
[Result "1/2-1/2"]
[WhiteElo "2211"]
[BlackElo "2251"]
[PlyCount "26"]
[EventDate "2017.09.29"]
[EventType "team-tourn"]
[EventRounds "9"]
[EventCountry "SLO"]
[SourceTitle "EXT 2019"]
[Source "ChessBase"]
[SourceDate "2018.10.10"]
[SourceVersion "1"]
[SourceVersionDate "2018.10.10"]
[SourceQuality "1"]
[WhiteTeam "Novo Mesto Krka"]
[BlackTeam "Pomgrad Radenska"]
[WhiteTeamCountry "SLO"]
[BlackTeamCountry "SLO"]

1. e4 e5 2. Nf3 Nc6 3. Bb5 a6 4. Ba4 Nf6 5. 0-0 Be7 6. Re1 b5 7. Bb3 0-0 8. c3 d6 9. d4 Re8 10. Ng5 Rf8 11. Nf3 Re8 12. Ng5 Rf8 13. Nf3 Re8 1/2-1/2

[Event "SLO-chT 27th"]
[Site "Slovenia"]
[Date "2017.09.29"]
[Round "1.4"]
[White "Titan, Matej"]
[Black "Janzekovic, Klemen Tilen"]
[Result "1-0"]
[WhiteElo "2251"]
[BlackElo "1993"]
[PlyCount "79"]
[EventDate "2017.09.29"]
[EventType "team-tourn"]
[EventRounds "9"]
[EventCountry "SLO"]
[SourceTitle "EXT 2018"]
[Source "ChessBase"]
[SourceDate "2017.10.13"]
[SourceVersion "1"]
[SourceVersionDate "2017.10.13"]
[SourceQuality "1"]
[WhiteTeam "Pomgrad Radenska"]
[BlackTeam "Ptuj"]
[WhiteTeamCountry "SLO"]
[BlackTeamCountry "SLO"]

1. d4 Nf6 2. Nf3 e6 3. c4 d5 4. g3 Be7 5. Bg2 0-0 6. 0-0 dxc4 7. Ne5 c5 8. dxc5 Qc7 9. Nxc4 Qxc5 10. Qb3 Nbd7 11. Be3 Qb4 12. Nc3 Ng4 13. Qxb4 Bxb4 14. Bf4 Bxc3 15. bxc3 e5 16. Bc1 Rb8 17. Ba3 b6 18. Bxf8 Kxf8 19. Rfd1 Ke7 20. Nd6 Nc5 21. Nxc8+ Rxc8 22. Bh3 f5 23. Rd5 Ke6 24. Rad1 g6 25. Bxg4 fxg4 26. f4 exf4 27. gxf4 Rc7 28. Re5+ Kf6 29. Rd6+ Kf7 30. f5 Na4 31. fxg6+ hxg6 32. Ree6 Nxc3 33. Rc6 Rd7 34. Rf6+ Ke7 35. Rxg6 Nxe2+ 36. Kf2 Nd4 37. Rg7+ Kf8 38. Rxd7 Nxc6 39. Rc7 Nb4 40. Rxa7 1-0

[Event "Portoroz op 11th"]
[Site "Portoroz"]
[Date "2017.07.26"]
[Round "6"]
[White "Titan, Matej"]
[Black "Rocha, Sergio MC"]
[Result "1-0"]
[WhiteElo "2220"]
[BlackElo "2364"]
[PlyCount "121"]
[EventDate "2017.07.22"]
[EventType "swiss"]
[EventRounds "9"]
[EventCountry "SLO"]
[SourceTitle "EXT 2018"]
[Source "ChessBase"]
[SourceDate "2017.10.13"]
[SourceVersion "1"]
[SourceVersionDate "2017.10.13"]
[SourceQuality "1"]

1. d4 d6 2. Nf3 Bg4 3. e4 Nf6 4. Nc3 c6 5. h3 Bh5 6. g4 Bg6 7. Qe2 e6 8. h4 h5 9. g5 Nfd7 10. Bf4 Qa5 11. 0-0-0 Na6 12. Nd2 0-0-0 13. Nc4 Qc7 14. d5 e5 15. dxc6 Qxc6 16. Be3 Nac5 17. f3 Kb8 18. Qf2 b6 19. Bxc5 bxc5 20. Nd5 f5 21. gxf6 gxf6 22. Rd3 Bf7 23. Rb3+ Ka8 24. Na5 Bxd5 25. Nxc6 Bxc6 26. Bb5 Bb7 27. Qe2 Rg8 28. a4 Nb8 29. Bc4 Rg3 30. Bd5 Bxd5 31. exd5 Bh6+ 32. Kb1 f5 33. Qb5 Rg7 34. Qd3 Rf8 35. Ka2 Bf4 36. Qb5 Bg3 37. Rg1 f4 38. Qc4 Rc7 39. a5 Rh8 40. a6 Nd7 41. Rb7 Rxb7 42. axb7+ Kb8 43. Qb5 Nb6 44. Qc6 Rd8 45. b3 Rd7 46. Kb2 Rd8 47. c4 Rd7 48. Ra1 Rd8 49. Kc2 Rd7 50. Kd3 Bxh4 51. Rh1 Bd8 52. Rxh5 Rc7 53. Qxd6 Be7 54. Qxe5 Kxb7 55. Rh7 Bd6 56. Rxc7+ Kxc7 57. Qe8 Nc8 58. Qc6+ Kd8 59. b4 cxb4 60. c5 Be5 61. d6 1-0

[Event "Portoroz op 11th"]
[Site "Portoroz"]
[Date "2017.07.22"]
[Round "1"]
[White "Papler, Peter"]
[Black "Titan, Matej"]
[Result "0-1"]
[WhiteElo "1698"]
[BlackElo "2220"]
[PlyCount "66"]
[EventDate "2017.07.22"]
[EventType "swiss"]
[EventRounds "9"]
[EventCountry "SLO"]
[SourceTitle "EXT 2018"]
[Source "ChessBase"]
[SourceDate "2017.10.13"]
[SourceVersion "1"]
[SourceVersionDate "2017.10.13"]
[SourceQuality "1"]

1. d4 d5 2. Nf3 Nf6 3. e3 c6 4. Bd3 Bg4 5. Nbd2 Nbd7 6. h3 Bh5 7. 0-0 e6 8. Re1 Be7 9. e4 Bg6 10. e5 Ng8 11. Bf1 Nh6 12. c4 Nf5 13. cxd5 cxd5 14. a3 0-0 15. Nb3 Rc8 16. Bd2 Nb6 17. Na5 Nc4 18. Nxc4 dxc4 19. Bb4 Bxb4 20. axb4 a6 21. Qd2 Qb6 22. Rac1 Rfd8 23. Red1 Ne7 24. Rxc4 h6 25. Qc3 Rxc4 26. Qxc4 Rc8 27. Qe2 Qxb4 28. Rd2 Nd5 29. Ne1 Qa4 30. Nd3 Qxd4 31. Nb4 Qxb4 32. Rxd5 exd5 33. e6 Qe7 0-1

[Event "Maribor Pirc Memorial op 20th"]
[Site "Maribor"]
[Date "2017.06.30"]
[Round "7"]
[White "Titan, Matej"]
[Black "Mestek, Igor"]
[Result "1-0"]
[WhiteElo "2220"]
[BlackElo "2156"]
[PlyCount "71"]
[EventDate "2017.06.24"]
[EventType "swiss"]
[EventRounds "9"]
[EventCountry "SLO"]
[SourceTitle "CBM 179 Extra"]
[Source "ChessBase"]
[SourceDate "2017.08.23"]
[SourceVersion "1"]
[SourceVersionDate "2017.08.23"]
[SourceQuality "1"]

1. d4 Nf6 2. c4 e6 3. g3 Be7 4. Bg2 0-0 5. Nf3 b6 6. Ne5 c6 7. 0-0 Bb7 8. Nc3 d6 9. Nd3 Nbd7 10. e4 e5 11. Be3 exd4 12. Bxd4 Qc8 13. Rc1 Re8 14. f4 Nc5 15. Nf2 Qc7 16. Be3 a5 17. g4 Ba6 18. b3 Rad8 19. g5 Nfd7 20. Qh5 g6 21. Qh3 Bf8 22. Ng4 Bc8 23. Bd4 Ne6 24. Bf6 Bg7 25. f5 h5 26. fxe6 Nxf6 27. Nxf6+ Bxf6 28. gxf6 Rxe6 29. Qe3 Kh7 30. Ne2 Rde8 31. Nd4 Re5 32. Nf3 Rc5 33. Ng5+ Kg8 34. Ne6 Rxe6 35. Qh6 Qd8 36. Qg7# 1-0

[Event "Maribor Pirc Memorial op 20th"]
[Site "Maribor"]
[Date "2017.06.27"]
[Round "4"]
[White "Brilej, Jaka"]
[Black "Titan, Matej"]
[Result "1/2-1/2"]
[WhiteElo "2055"]
[BlackElo "2220"]
[PlyCount "85"]
[EventDate "2017.06.24"]
[EventType "swiss"]
[EventRounds "9"]
[EventCountry "SLO"]
[SourceTitle "CBM 179 Extra"]
[Source "ChessBase"]
[SourceDate "2017.08.23"]
[SourceVersion "1"]
[SourceVersionDate "2017.08.23"]
[SourceQuality "1"]

1. e4 e5 2. Nf3 Nc6 3. Bb5 a6 4. Ba4 Nf6 5. d4 exd4 6. 0-0 Be7 7. e5 Ne4 8. Re1 Nc5 9. Bxc6 dxc6 10. Nxd4 Ne6 11. Nf5 Qxd1 12. Rxd1 Bf8 13. Be3 Bd7 14. Nc3 0-0-0 15. Ne4 h6 16. Nfg3 b6 17. f4 Be8 18. f5 Rxd1+ 19. Rxd1 Nd8 20. c4 c5 21. Nc3 Bd7 22. Nd5 Nc6 23. Bf4 g5 24. Bd2 Nd4 25. Bc3 Bg7 26. f6 Bf8 27. Ne3 Be6 28. b3 a5 29. Kf2 Nc6 30. Ngf5 Kb7 31. Kf3 h5 32. Ke4 g4 33. g3 h4 34. Nxh4 Bh6 35. Nef5 Bg5 36. Be1 a4 37. Ng7 Bc8 38. Bf2 Nd8 39. Be3 Bxh4 40. gxh4 Rxh4 41. Bf4 Rh8 42. Rd2 Ne6 43. Nf5 1/2-1/2